[Event "Mondiale Lampo FIDE 2017"]
[Site "Riyadh"]
[Date "30.12.2017"]
[Round "19.64"]
[White "Omar, Noaman"]
[Black "Al Habeeb, Emad"]
[Result "1-0"]
[WhiteTitle "IM"]
[WhiteElo "2364"]
[BlackElo "1933"]
[WhiteFideId "9300244"]
[BlackFideId "21500029"]
[EventDate "2017.12.29"]

1. d4 d6 2. c4 Nf6 3. Nc3 g6 4. e4 Bg7 5. Nf3 O-O 6. Be2 c5 7. d5 Bg4 8. O-O
Nbd7 9. h3 Bxf3 10. Bxf3 Ne5 11. Be2 a6 12. a4 Ne8 13. f4 Nd7 14. Be3 f5 15.
exf5 Rxf5 16. Bd3 Rf8 17. Qc2 Nef6 18. Rae1 Qe8 19. g4 Rd8 20. Kg2 Kh8 21. Ne2
Rc8 22. Ng1 Ng8 23. Nf3 Bf6 24. b3 Qf7 25. h4 Rce8 26. Ng5 Qg7 27. Ne6 Qf7 28.
Rh1 Bd4 29. Bxd4+ cxd4 30. Qf2 Ne5 31. Qxd4 Nf6 32. fxe5 Nxg4 33. exd6+ Nf6 34.
d7 Rd8 35. Nxd8 Rxd8 36. Rhf1 Rxd7 37. Qe5 Qg7 38. Qe6 Qh6 39. Rxf6 Qd2+ 40. Rf2
Qxd3 1-0

[Event "Mondiale Lampo FIDE 2017"]
[Site "Riyadh"]
[Date "30.12.2017"]
[Round "19.65"]
[White "Samhouri, A."]
[Black "Al Abdali, Zeyad Saleh"]
[Result "1-0"]
[WhiteTitle "FM"]
[WhiteElo "2355"]
[BlackElo "1801"]
[WhiteFideId "8100640"]
[BlackFideId "21501505"]
[EventDate "2017.12.29"]

1. e4 e5 2. Nf3 Nc6 3. Bc4 Bc5 4. O-O d6 5. h3 Nf6 6. d3 a6 7. c3 Be6 8. Bxe6
fxe6 9. d4 exd4 10. cxd4 Bb6 11. d5 exd5 12. exd5 Ne7 13. Nc3 Qd7 14. a4 O-O-O
15. b4 h6 16. a5 Ba7 17. Qb3 c6 18. dxc6 bxc6 19. Qc4 Kb7 20. Re1 Ned5 21. Nxd5
Nxd5 22. Bb2 Rhg8 23. Rad1 Nc7 24. Ne5 Qe8 25. Nf7 Qd7 26. Rxd6 Qxd6 27. Nxd6+
Rxd6 28. Qxg8 g6 29. Re7 Rd1+ 30. Kh2 Bb8 31. Be5 Rd5 32. Bxc7 Bxc7+ 33. g3 Rb5
34. Qf7 1-0

[Event "Mondiale Lampo FIDE 2017"]
[Site "Riyadh"]
[Date "30.12.2017"]
[Round "19.66"]
[White "Masrahi, Abdulrahman A"]
[Black "Alem, Ali Hussien"]
[Result "1-0"]
[WhiteTitle "CM"]
[WhiteElo "1962"]
[BlackElo "1745"]
[WhiteFideId "21501564"]
[BlackFideId "21500088"]
[EventDate "2017.12.29"]

1. d4 Nf6 2. Nf3 g6 3. Bf4 Bg7 4. h3 O-O 5. e3 d6 6. Be2 Nfd7 7. O-O e5 8. Bh2
f5 9. c4 e4 10. Nfd2 Nc6 11. Nc3 g5 12. c5 d5 13. Nxd5 Nxc5 14. Nxc7 Nd3 15.
Nxa8 Nxb2 16. Qb3+ 1-0

[Event "Mondiale Lampo FIDE 2017"]
[Site "Riyadh"]
[Date "30.12.2017"]
[Round "19.67"]
[White "Amer, Said Salim Al Maashani"]
[Black "Al Saidi, Mohammed Khalfan"]
[Result "1-0"]
[WhiteTitle "FM"]
[WhiteElo "2103"]
[BlackElo "1468"]
[WhiteFideId "22000100"]
[BlackFideId "22001271"]
[EventDate "2017.12.29"]

1. e4 e6 2. d4 d5 3. Nc3 dxe4 4. Nxe4 Nf6 5. Bg5 Be7 6. Bxf6 Bxf6 7. c3 O-O 8.
Nf3 c5 9. Nxc5 Nd7 10. Ne4 a6 11. Bd3 Be7 12. Qc2 f5 13. Ng3 Nf6 14. O-O b5 15.
Ne5 Bb7 16. f3 Rc8 17. Qe2 b4 18. Bxa6 Bxa6 19. Qxa6 bxc3 20. Qxe6+ Kh8 21. Nf7+
Rxf7 22. Qxf7 cxb2 23. Rab1 Qxd4+ 24. Kh1 Bf8 25. Nxf5 Qd3 26. Ng3 Ba3 27. Rbd1
Qxd1 28. Rxd1 Rc1 29. Qb3 h5 30. Nf5 Nd7 31. h3 Nc5 32. Qb8+ Kh7 33. Qd8 b1=Q
34. Rxc1 Qxc1+ 35. Kh2 Qf4+ 36. Ng3 h4 37. Kg1 hxg3 38. Qd1 Nd3 39. Qxd3+ 1-0

[Event "Mondiale Lampo FIDE 2017"]
[Site "Riyadh"]
[Date "30.12.2017"]
[Round "19.68"]
[White "Al Mahmood, Salman"]
[Black "Miswadah, Baha"]
[Result "0-1"]
[WhiteElo "1593"]
[BlackElo "1877"]
[WhiteFideId "11201517"]
[BlackFideId "11502118"]
[EventDate "2017.12.29"]

1. e4 c5 2. d4 cxd4 3. c3 dxc3 4. Nxc3 e6 5. Nf3 a6 6. Bc4 b5 7. Bb3 Bb7 8. Qe2
Qc7 9. O-O Nc6 10. Rd1 Be7 11. Nd5 Qd8 12. Nxe7 Ngxe7 13. Bg5 O-O 14. Rac1 Rc8
15. Qd2 f6 16. Bf4 d5 17. exd5 exd5 18. Nd4 Nxd4 19. Qxd4 Rxc1 20. Rxc1 Kh8 21.
Rc7 Bc8 22. Qa7 Re8 23. h3 Nf5 24. Bc2 Re7 25. Rxe7 Nxe7 26. Bb3 d4 27. Qc5 d3
28. Qe3 Nf5 29. Qd2 Nd4 30. Qxd3 Bf5 31. Qe3 Nxb3 32. Qxb3 Bg6 33. Qb4 Qd1+ 34.
Kh2 Qd8 35. Qc3 Qe8 36. Qc7 Bf7 37. Qb6 Bc4 38. Qxa6 h6 39. Qd6 Kh7 40. b3 Bf7
41. Qc5 Bg6 42. a3 Bd3 43. b4 g5 44. Qc7+ Kg6 45. Bg3 h5 46. f4 h4 47. f5+ Bxf5
48. Bd6 Qf7 49. Qc5 Qc4 50. Qb6 Qd5 51. Qc7 Be4 52. Qd8 Qd2 53. Qg8+ Kf5 0-1

[Event "Mondiale Lampo FIDE 2017"]
[Site "Riyadh"]
[Date "30.12.2017"]
[Round "19.69"]
[White "Al Zamel, Khaled"]
[Black "Salama, Taher"]
[Result "0-1"]
[WhiteElo "1942"]
[BlackElo "1769"]
[WhiteFideId "21500967"]
[BlackFideId "11502231"]
[EventDate "2017.12.29"]

1. e4 c5 2. Nc3 Nc6 3. f4 e6 4. Nf3 d5 5. Bb5 d4 6. Bxc6+ bxc6 7. Ne2 Nf6 8. d3
Be7 9. O-O Rb8 10. Qe1 O-O 11. Nd2 Ng4 12. Nc4 Bh4 13. Qd1 f5 14. h3 Nh6 15. e5
Be7 16. Ng3 Ba6 17. Nd2 Bc8 18. b3 Bd7 19. Nc4 Be8 20. Ba3 Rb7 21. Qd2 g5 22.
fxg5 Bxg5 23. Qe2 Rg7 24. Bxc5 Rff7 25. Nd6 Be3+ 26. Kh2 Qg5 27. Rf3 Rd7 28. Ba3
Bf4 29. Qf2 Bh5 30. Rxf4 Ng4+ 31. Rxg4 Bxg4 32. Rf1 f4 33. Qxf4 Qxf4 34. Rxf4
Bd1 35. Rf2 h6 36. Nge4 Kh8 37. Nf6 Rd8 38. Nde4 c5 39. Bxc5 Rc8 40. b4 a5 41.
a3 axb4 42. axb4 Ra8 43. Nh5 Rgg8 44. Nef6 Rg6 45. Rf4 Bxc2 46. Rxd4 Rag8 47.
Rg4 Rxg4 48. Nxg4 Bxd3 49. Nhf6 Rc8 50. Nxh6 Kg7 51. Nhg4 Bf5 52. h4 Kg6 53. g3
Rd8 54. h5+ Kg5 55. h6 Bxg4 56. Nxg4 Kxg4 57. Be7 Rh8 58. Bf6 Rxh6+ 59. Kg2 0-1

[Event "Mondiale Lampo FIDE 2017"]
[Site "Riyadh"]
[Date "30.12.2017"]
[Round "20.1"]
[White "Carlsen, Magnus"]
[Black "Korobov, Anton"]
[Result "1-0"]
[WhiteTitle "GM"]
[BlackTitle "GM"]
[WhiteElo "2837"]
[BlackElo "2652"]
[WhiteFideId "1503014"]
[BlackFideId "14105730"]
[EventDate "2017.12.29"]

1. d4 Nf6 2. Nf3 e6 3. Bg5 c5 4. c3 h6 5. Bh4 b6 6. e3 Bb7 7. Nbd2 Be7 8. Bd3
Nc6 9. a3 O-O 10. O-O cxd4 11. cxd4 Rc8 12. Qe2 Nh5 13. Bxe7 Qxe7 14. Rac1 Nf6
15. Rc2 Nb8 16. Rfc1 Rxc2 17. Rxc2 Rc8 18. Rxc8+ Bxc8 19. e4 Bb7 20. e5 Nh7 21.
Nc4 Nf8 22. Nd6 Bxf3 23. Qxf3 Nc6 24. Qe4 f5 25. Qe3 Qh4 26. f4 g5 27. g3 gxf4
28. gxf4 Ng6 29. Qg3 Kh7 30. d5 Nce7 31. dxe6 dxe6 32. Qxh4 Nxh4 33. Bc4 Nhg6
34. Bxe6 Nxf4 35. Bxf5+ Nxf5 36. Nxf5 Kg6 37. Nd6 Nd3 38. Nc8 Nxe5 39. Nxa7 Nc4
40. Nc8 b5 41. Na7 Nxb2 42. Nxb5 Kf5 43. Kg2 h5 44. Kg3 Kg5 45. Nc3 Nc4 46. a4
Na5 47. Ne4+ Kg6 48. Kf4 Nc4 49. Nc5 Na5 50. h4 Kf6 51. Ne4+ Kg6 52. Ng3 Nb7 53.
Ke3 Nd6 54. Kd4 Nb7 55. Kc4 Kf6 56. Kb4 Ke5 57. Nxh5 Kf5 58. Ng3+ 1-0

[Event "Mondiale Lampo FIDE 2017"]
[Site "Riyadh"]
[Date "30.12.2017"]
[Round "20.7"]
[White "Artemiev, Vladislav"]
[Black "Grischuk, Alexander"]
[Result "0-1"]
[WhiteTitle "GM"]
[BlackTitle "GM"]
[WhiteElo "2691"]
[BlackElo "2772"]
[WhiteFideId "24101605"]
[BlackFideId "4126025"]
[EventDate "2017.12.29"]

1. d4 Nf6 2. Bg5 g6 3. Nd2 Bg7 4. Ngf3 O-O 5. e3 d5 6. Be2 c5 7. c3 b6 8. O-O
Bb7 9. Ne5 Nfd7 10. f4 Nxe5 11. fxe5 f6 12. exf6 exf6 13. Bh4 Qe7 14. Bf3 Nd7
15. Re1 g5 16. Bg3 f5 17. Nc4 Qe6 18. Nd6 Bc6 19. c4 f4 20. exf4 Qxd6 21. f5 Qh6
22. cxd5 Bxd4+ 23. Kh1 Bb7 24. Re6 Nf6 25. d6 Bxf3 26. Qxf3 Rad8 27. Rae1 g4 28.
Qb3 Kh8 29. Qc2 Qg5 30. b4 Nh5 31. Be5+ Bxe5 32. R1xe5 Ng7 33. f6 Rxf6 34. Rxf6
Qxf6 35. Re1 Qxd6 36. bxc5 Qxc5 37. Qa4 Qf2 38. Rg1 g3 39. h3 a5 40. Qh4 Re8 41.
Qc4 Qxg1+ 0-1

[Event "Mondiale Lampo FIDE 2017"]
[Site "Riyadh"]
[Date "30.12.2017"]
[Round "20.8"]
[White "Svidler, Peter"]
[Black "Jobava, Baadur"]
[Result "1-0"]
[WhiteTitle "GM"]
[BlackTitle "GM"]
[WhiteElo "2765"]
[BlackElo "2690"]
[WhiteFideId "4102142"]
[BlackFideId "13601520"]
[EventDate "2017.12.29"]

1. c4 c6 2. Nf3 d5 3. e3 Nf6 4. Nc3 g6 5. d4 Bg7 6. Be2 O-O 7. O-O Nbd7 8. Qc2
dxc4 9. Bxc4 Nb6 10. Bb3 Nfd5 11. e4 Nc7 12. h3 Be6 13. Be3 Qc8 14. Rfd1 Rd8 15.
Ng5 Bc4 16. Ne2 Bxb3 17. Qxb3 e6 18. Rac1 h6 19. Nf3 Kh7 20. a4 f5 21. Nc3 fxe4
22. Nxe4 Nbd5 23. Bd2 Ne8 24. Re1 b6 25. Ne5 Ne7 26. Bb4 Rxd4 27. Bxe7 Bxe5 28.
Ng5+ hxg5 29. Rxe5 Rd5 30. Qe3 Ng7 31. Bxg5 Qd7 32. Bf4 Nf5 33. Qf3 Nd4 34. Qg4
Rf8 35. Rce1 Rf5 36. R5e4 c5 37. Be5 Nc6 38. Bc3 e5 39. f4 Rxf4 40. Rxf4 exf4
41. Qh4+ Kg8 42. Qh8+ 1-0

[Event "Mondiale Lampo FIDE 2017"]
[Site "Riyadh"]
[Date "30.12.2017"]
[Round "20.9"]
[White "Melkumyan, Hrant"]
[Black "Salem, A.R. Saleh"]
[Result "1/2-1/2"]
[WhiteTitle "GM"]
[BlackTitle "GM"]
[WhiteElo "2633"]
[BlackElo "2638"]
[WhiteFideId "13302485"]
[BlackFideId "9301348"]
[EventDate "2017.12.29"]

1. d4 Nf6 2. Nf3 g6 3. g3 Bg7 4. Bg2 d5 5. O-O O-O 6. c4 dxc4 7. Na3 c3 8. bxc3
c5 9. e3 Nc6 10. Qe2 Bf5 11. Rd1 Qb6 12. Nc4 Qa6 13. Bf1 Rfd8 14. a4 Rac8 15.
Bb2 b6 16. h3 h5 17. d5 Na5 18. Nxa5 Qxe2 19. Bxe2 bxa5 20. c4 Rb8 21. Bc3 Rb4
22. Kg2 Ne4 23. Bxg7 Kxg7 24. Ne5 Rb2 25. Re1 Bd7 26. Rab1 Rb4 27. Bf3 Nd6 28.
Rec1 Bxa4 29. Ra1 Kf6 30. Nd3 Bb3 31. Nxc5 a4 32. Be2 Bxc4 33. Bxc4 Nxc4 34.
Rxa4 Rxa4 35. Nxa4 Nb6 36. Nxb6 axb6 37. Rb1 Rd6 38. Rb5 Ke5 39. Kf3 f5 40. h4
Rxd5 41. Rxb6 e6 1/2-1/2

[Event "Mondiale Lampo FIDE 2017"]
[Site "Riyadh"]
[Date "30.12.2017"]
[Round "20.10"]
[White "Nepomniachtchi, Ian"]
[Black "Vidit, Santosh Gujrathi"]
[Result "1-0"]
[WhiteTitle "GM"]
[BlackTitle "GM"]
[WhiteElo "2729"]
[BlackElo "2715"]
[WhiteFideId "4168119"]
[BlackFideId "5029465"]
[EventDate "2017.12.29"]

1. Nf3 d5 2. g3 g6 3. Bg2 Bg7 4. O-O e5 5. d3 Ne7 6. e4 O-O 7. exd5 Nxd5 8. Re1
Nc6 9. Nc3 Nde7 10. Rb1 a5 11. a3 Nf5 12. b4 axb4 13. axb4 Re8 14. b5 Ncd4 15.
Nd2 Nd6 16. Nde4 Nxe4 17. Nxe4 Rb8 18. Bg5 f6 19. Be3 b6 20. Bxd4 Qxd4 21. c3
Qd8 22. c4 Be6 23. Nc3 Kh8 24. Nd5 Bf8 25. d4 Bxd5 26. Bxd5 exd4 27. Qxd4 Kg7
28. h4 Bc5 29. Qf4 Qd6 30. Qf3 Re5 31. Rxe5 fxe5 32. Qe4 Rf8 33. Rf1 Qf6 34. Kg2
Qf5 35. Qe2 Bd4 36. f4 Qf6 37. h5 gxh5 38. Qxh5 Qg6 39. Qh4 Rf6 40. f5 Qh6 41.
Qg4+ Kf8 42. Re1 Qg7 43. Qh4 Qh6 44. Qg4 Qg7 45. Qh4 Qh6 46. Qxh6+ Rxh6 47. g4
Rf6 48. Be6 h6 49. Kf3 Kg7 50. Re2 Rf8 51. Ra2 Re8 52. Ra7 Re7 53. Ra8 Kf6 54.
Rf8+ Kg7 55. Rg8+ Kh7 56. Rc8 e4+ 57. Kxe4 Bf6 58. Kd5 Kg7 59. Kc6 Be5 60. Rg8+
Kh7 61. Rc8 Kg7 62. Kd5 Bf6 63. Rg8+ Kh7 64. Rg6 Bc3 65. f6 Re8 66. Bf5 Rf8 67.
Ke6 Bb2 68. Rg7+ Kh8 69. Rh7+ 1-0

[Event "Mondiale Lampo FIDE 2017"]
[Site "Riyadh"]
[Date "30.12.2017"]
[Round "20.11"]
[White "Rapport, Richard"]
[Black "Bu, Xiangzhi"]
[Result "1/2-1/2"]
[WhiteTitle "GM"]
[BlackTitle "GM"]
[WhiteElo "2707"]
[BlackElo "2730"]
[WhiteFideId "738590"]
[BlackFideId "8601445"]
[EventDate "2017.12.29"]

1. d4 Nf6 2. Bg5 c5 3. d5 Qb6 4. Nc3 Qxb2 5. Bd2 Qb6 6. e4 d6 7. f4 e5 8. Nf3
Nbd7 9. Rb1 Qd8 10. Bc4 a6 11. fxe5 Nxe5 12. Nxe5 dxe5 13. a4 Bd6 14. O-O h6 15.
Qf3 Rb8 16. Qg3 Nh5 17. Qf3 Nf6 18. h3 Bd7 19. Qg3 Nh5 20. Qf3 Nf6 21. Rf2 O-O
22. Bxh6 gxh6 23. Qxf6 Qxf6 24. Rxf6 Bc7 25. d6 Bd8 26. Rxh6 Kg7 27. Rh5 f6 28.
Rb3 Be8 29. Rf5 Bg6 30. Rf1 Ba5 31. Bd5 Rfd8 32. Rfb1 b6 33. Nd1 c4 34. Rg3 Bd2
35. Bxc4 Rxd6 36. Bxa6 Bf4 37. Rd3 Rc6 38. Rd7+ Kh6 39. Bd3 Be8 40. Re7 Rd6 41.
a5 b5 42. Nf2 Be3 43. Kf1 Kg6 44. Ng4 Bc5 45. Rc7 Rc6 46. Rxc6 Bxc6 47. Ke2 Ra8
48. Ra1 Ra6 49. c3 Be7 50. Ne3 Bd8 51. Nd5 Bd7 52. c4 bxc4 53. Bxc4 Rxa5 54.
Ne7+ Kg5 55. Rxa5 Bxa5 56. Nd5 f5 57. Bd3 fxe4 58. Bxe4 Bc6 59. Nf6 Kxf6 60.
Bxc6 1/2-1/2

[Event "Mondiale Lampo FIDE 2017"]
[Site "Riyadh"]
[Date "30.12.2017"]
[Round "20.12"]
[White "Wang, Yue"]
[Black "Rakhmanov, Aleksandr"]
[Result "0-1"]
[WhiteTitle "GM"]
[BlackTitle "GM"]
[WhiteElo "2690"]
[BlackElo "2653"]
[WhiteFideId "8601429"]
[BlackFideId "4173708"]
[EventDate "2017.12.29"]

1. d4 Nf6 2. Nf3 g6 3. Bf4 Bg7 4. e3 O-O 5. Be2 d6 6. h3 Nc6 7. Bh2 Ne4 8. Nbd2
Nxd2 9. Nxd2 e5 10. c3 a6 11. Nc4 Qe7 12. O-O Bd7 13. a4 h6 14. b4 Rad8 15. b5
axb5 16. axb5 Nb8 17. b6 cxb6 18. Nxb6 Bc6 19. Rb1 Kh7 20. Bf3 f5 21. Bxc6 bxc6
22. Qa4 f4 23. exf4 exf4 24. Rfe1 Qf7 25. Nc4 Rd7 26. Nd2 Ra7 27. Qc2 Ra2 28.
Qd3 Nd7 29. Nf3 Qd5 30. c4 Qf5 31. Qxf5 Rxf5 32. Rb7 Rf7 33. h4 Ra4 34. Bxf4
Rxc4 35. Bxd6 Bxd4 36. Rd1 Bg7 37. Bg3 Ne5 38. Nxe5 Rxb7 39. Nxc4 c5 40. Bf4 Bd4
41. Be3 Rb4 42. Bxd4 Rxc4 43. Be3 Rc2 44. Rd7+ 0-1

[Event "Mondiale Lampo FIDE 2017"]
[Site "Riyadh"]
[Date "30.12.2017"]
[Round "20.13"]
[White "Li, Chao b"]
[Black "Amin, Bassem"]
[Result "1/2-1/2"]
[WhiteTitle "GM"]
[BlackTitle "GM"]
[WhiteElo "2732"]
[BlackElo "2689"]
[WhiteFideId "8604436"]
[BlackFideId "10601457"]
[EventDate "2017.12.29"]

1. d4 Nf6 2. c4 g6 3. Nc3 Bg7 4. e4 d6 5. Nf3 O-O 6. Be2 e5 7. dxe5 dxe5 8. Qxd8
Rxd8 9. Bg5 c6 10. Nxe5 Re8 11. O-O-O Na6 12. f4 h6 13. Bh4 Nc5 14. Rhe1 g5 15.
fxg5 hxg5 16. Bg3 Nfxe4 17. Nxe4 Nxe4 18. Nxf7 Nxg3 19. hxg3 Rxe2 20. Rxe2 Kxf7
21. Rf1+ Kg6 22. Re8 b6 23. g4 c5 24. g3 Bb7 25. Re6+ Kh7 26. Re7 Bg2 27. Rf2
Bc6 28. Rf5 Kh8 29. Rff7 Bd4 30. Rh7+ Kg8 31. Rh6 Be8 32. b3 Bf7 33. Rd6 Re8 34.
Rxa7 Re6 35. Rxe6 Bxe6 36. Rb7 Bxg4 37. Rxb6 Kf7 38. a4 Bf3 39. a5 g4 40. a6 Be5
41. a7 Bxg3 42. Rb8 Bf4+ 43. Kc2 g3 44. a8=Q Bxa8 45. Rxa8 g2 46. Ra1 Be3 47. b4
cxb4 48. Kb3 Bc5 49. Rd1 Kf6 50. Ka4 Kf5 51. Kb5 g1=Q 52. Rxg1 Bxg1 1/2-1/2

[Event "Mondiale Lampo FIDE 2017"]
[Site "Riyadh"]
[Date "30.12.2017"]
[Round "20.15"]
[White "Le, Quang Liem"]
[Black "Howell, David W L"]
[Result "1-0"]
[WhiteTitle "GM"]
[BlackTitle "GM"]
[WhiteElo "2737"]
[BlackElo "2676"]
[WhiteFideId "12401137"]
[BlackFideId "410608"]
[EventDate "2017.12.29"]

1. d4 Nf6 2. Nf3 g6 3. Bf4 d6 4. e3 Bg7 5. Be2 O-O 6. h3 b6 7. O-O Bb7 8. Bh2
Nbd7 9. c4 Ne4 10. Nfd2 Nxd2 11. Qxd2 c5 12. Nc3 cxd4 13. exd4 Nf6 14. d5 a6 15.
Rfe1 Re8 16. Bf1 Nd7 17. Rac1 Rc8 18. Bf4 Rc7 19. b3 Qc8 20. Bg5 Nf6 21. Na4 b5
22. cxb5 axb5 23. Bxb5 Rf8 24. Nb6 Qd8 25. Bc6 Rxc6 26. dxc6 Qxb6 27. cxb7 Qxb7
28. Qc2 e6 29. Qc6 Qa7 30. a4 d5 31. b4 Ne4 32. Be3 Qb8 33. b5 h5 34. b6 Be5 35.
a5 Bd6 1-0

[Event "Mondiale Lampo FIDE 2017"]
[Site "Riyadh"]
[Date "30.12.2017"]
[Round "20.16"]
[White "Mamedov, Rauf"]
[Black "Sjugirov, Sanan"]
[Result "1-0"]
[WhiteTitle "GM"]
[BlackTitle "GM"]
[WhiteElo "2709"]
[BlackElo "2650"]
[WhiteFideId "13401653"]
[BlackFideId "4189302"]
[EventDate "2017.12.29"]

1. e4 c5 2. Nf3 e6 3. c3 Nf6 4. e5 Nd5 5. Bc4 d6 6. O-O Nc6 7. d4 cxd4 8. cxd4
Be7 9. Qe2 O-O 10. Bd2 dxe5 11. dxe5 a6 12. Nc3 Nxc3 13. Bxc3 b5 14. Bd3 Bb7 15.
Rfd1 Qb6 16. Bd2 Rfd8 17. Be3 Qa5 18. a3 b4 19. axb4 Qxb4 20. h3 a5 21. Rdc1 a4
22. Rc4 Qa5 23. b4 Nxb4 24. Bxh7+ Kxh7 25. Ng5+ Bxg5 26. Bxg5 Rh8 27. Bf6 Kg8
28. Qg4 Rh7 29. Rxb4 Qd5 30. Rab1 a3 31. Rxb7 Qxb7 32. Rxb7 a2 33. Kh2 a1=Q 34.
Rb3 Qc1 35. Qe4 Rf8 36. Be7 Re8 37. Bd6 Rh6 38. Rb7 Qg5 39. Qc6 Qf4+ 40. Kg1 Ra8
41. g3 Qa4 42. Rb8+ Kh7 43. Qxa8 Qd1+ 44. Kg2 1-0

[Event "Mondiale Lampo FIDE 2017"]
[Site "Riyadh"]
[Date "30.12.2017"]
[Round "20.17"]
[White "Safarli, Eltaj"]
[Black "Fedoseev, Vladimir3"]
[Result "0-1"]
[WhiteTitle "GM"]
[BlackTitle "GM"]
[WhiteElo "2639"]
[BlackElo "2718"]
[WhiteFideId "13402129"]
[BlackFideId "24130737"]
[EventDate "2017.12.29"]

1. e4 c6 2. Nf3 d5 3. exd5 cxd5 4. Ne5 Qb6 5. d4 Nc6 6. Nxc6 bxc6 7. c3 a5 8.
Bd3 Ba6 9. O-O Nf6 10. Bxa6 Qxa6 11. Bg5 e6 12. Bxf6 gxf6 13. Nd2 h5 14. Qf3 Be7
15. Rfe1 a4 16. Nf1 Rb8 17. b4 Kd7 18. a3 Rbg8 19. Ne3 Qd3 20. Rac1 f5 21. c4
Qe4 22. Qd1 f4 23. Ng4 Qf5 24. Ne5+ Ke8 25. cxd5 f6 26. Nxc6 Qh3 27. g3 fxg3 28.
fxg3 h4 29. Rc2 hxg3 30. Kh1 g2+ 0-1

[Event "Mondiale Lampo FIDE 2017"]
[Site "Riyadh"]
[Date "30.12.2017"]
[Round "20.18"]
[White "Adly, Ahmed"]
[Black "Amonatov, Farrukh"]
[Result "1-0"]
[WhiteTitle "GM"]
[BlackTitle "GM"]
[WhiteElo "2637"]
[BlackElo "2636"]
[WhiteFideId "10601619"]
[BlackFideId "14700077"]
[EventDate "2017.12.29"]

1. Nf3 Nf6 2. g3 g6 3. Bg2 Bg7 4. c4 O-O 5. d4 c5 6. O-O d6 7. dxc5 dxc5 8. Ne5
Nfd7 9. Nd3 Nc6 10. Nc3 Qa5 11. Bd2 Qa6 12. Nb5 Qb6 13. Bf4 e5 14. Be3 Nd4 15.
Nc3 Rb8 16. Nd5 Qd6 17. Bg5 f6 18. Bc1 Nb6 19. e3 Nc6 20. b3 Nxd5 21. cxd5 Ne7
22. e4 f5 23. Ba3 b6 24. Rc1 Ba6 25. Re1 Rbc8 26. Qd2 fxe4 27. Bxe4 Nf5 28. b4
c4 29. Nc5 bxc5 30. bxc5 Qd8 31. c6 Nd4 32. d6 Qb6 33. d7 Rcd8 34. Bd6 Kh8 35.
Rb1 Bb5 36. Bxf8 Bxf8 37. a4 a6 38. axb5 axb5 39. Qg5 Bg7 40. Red1 c3 41. Rxd4
exd4 42. Rxb5 Qc7 43. Rb7 c2 44. Rxc7 1-0

[Event "Mondiale Lampo FIDE 2017"]
[Site "Riyadh"]
[Date "30.12.2017"]
[Round "20.19"]
[White "Quparadze, Giga"]
[Black "Bortnyk, Olexandr"]
[Result "1-0"]
[WhiteTitle "GM"]
[BlackTitle "GM"]
[WhiteElo "2506"]
[BlackElo "2610"]
[WhiteFideId "13602250"]
[BlackFideId "14120828"]
[EventDate "2017.12.29"]

1. e4 Nf6 2. e5 Nd5 3. Nf3 d6 4. d4 dxe5 5. Nxe5 c6 6. c3 Nd7 7. Nf3 N7f6 8. Bd3
Bg4 9. h3 Bh5 10. O-O e6 11. Re1 Bd6 12. Nbd2 O-O 13. Nc4 Be7 14. Nce5 c5 15.
dxc5 Bxc5 16. Bc2 Qb6 17. Qe2 Rad8 18. a3 Qc7 19. c4 Ne7 20. Bf4 Bd6 21. Bh2 Nc6
22. g4 Bg6 23. Bxg6 hxg6 24. Rad1 a5 25. Rxd6 Rxd6 26. Nxg6 fxg6 27. c5 Nd4 28.
Nxd4 Qxc5 29. Bxd6 Qxd6 30. Qxe6+ Qxe6 31. Rxe6 Rd8 32. Nf3 Rd3 33. Kg2 Rb3 34.
Re2 Nd5 35. Kg3 a4 36. Rd2 Nf6 37. Kf4 Kf8 38. g5 Nh5+ 39. Kg4 Rb5 40. Nh4 Kf7
41. f4 Rb3 42. Nf3 Ke7 43. Re2+ Kd6 44. Rg2 b5 45. Nh4 Nxf4 46. Kxf4 Rxh3 47.
Nxg6 Rb3 48. Nh4 b4 49. Nf5+ Kd7 50. Nxg7 bxa3 51. bxa3 Rxa3 52. g6 Ra1 53. Nh5
Rf1+ 54. Kg5 Ke7 55. Kh6 Kf8 56. Rg4 a3 57. Ra4 Rf3 58. g7+ Kf7 59. Ra7+ 1-0

[Event "Mondiale Lampo FIDE 2017"]
[Site "Riyadh"]
[Date "30.12.2017"]
[Round "20.20"]
[White "Dreev, Aleksey"]
[Black "Ivanchuk, Vassily"]
[Result "1-0"]
[WhiteTitle "GM"]
[BlackTitle "GM"]
[WhiteElo "2653"]
[BlackElo "2726"]
[WhiteFideId "4100107"]
[BlackFideId "14100010"]
[EventDate "2017.12.29"]

1. d4 Nf6 2. Nf3 e6 3. c4 b6 4. a3 Bb7 5. Nc3 d5 6. Bg5 Be7 7. Qa4+ Qd7 8. Qc2
dxc4 9. e3 Bxf3 10. gxf3 b5 11. a4 c6 12. Rg1 a6 13. f4 g6 14. Bg2 Ra7 15. b3
cxb3 16. Qxb3 O-O 17. Ke2 Rc7 18. Rad1 Nd5 19. Ne4 Bxg5 20. fxg5 Qe7 21. h4 Nd7
22. Rc1 e5 23. Rgd1 exd4 24. Rxd4 Ne5 25. Rxd5 cxd5 26. Nf6+ Qxf6 27. gxf6 Rxc1
28. axb5 axb5 29. Qxd5 Rc2+ 30. Ke1 Ng4 31. Qe4 Rxf2 32. Qxg4 Rxf6 33. Bd5 Re8
34. Ke2 Rf5 35. Bc6 Re6 36. Bd7 Ree5 37. Bxf5 Rxf5 38. Qd4 Rh5 39. Kf3 Rf5+ 40.
Kg3 h5 41. Kg2 Kh7 42. Kg3 b4 43. Qxb4 Re5 44. Kf3 Re6 45. Qf8 Rf6+ 46. Ke4 Rf5
47. Kd4 Rf6 48. e4 Rf1 49. Kd5 Rf6 50. e5 Rf5 51. Kd6 Rf1 52. Ke7 Rf5 53. Qxf7+ 1-0

[Event "Mondiale Lampo FIDE 2017"]
[Site "Riyadh"]
[Date "30.12.2017"]
[Round "20.21"]
[White "Kryvoruchko, Yuriy"]
[Black "Harikrishna, Pentala"]
[Result "0-1"]
[WhiteTitle "GM"]
[BlackTitle "GM"]
[WhiteElo "2689"]
[BlackElo "2744"]
[WhiteFideId "14109182"]
[BlackFideId "5007003"]
[EventDate "2017.12.29"]

1. e4 c5 2. Nf3 e6 3. d4 cxd4 4. Nxd4 Nc6 5. Nc3 Qc7 6. g3 a6 7. Bg2 Nf6 8. O-O
d6 9. Nxc6 bxc6 10. Be3 Nd7 11. Na4 Be7 12. c4 Rb8 13. b3 c5 14. Nc3 O-O 15. g4
Ne5 16. g5 Nc6 17. f4 f5 18. exf5 Rxf5 19. Ne2 Rf7 20. h4 Bb7 21. h5 Rbf8 22.
Qd2 Rd8 23. Rae1 Bf8 24. Ng3 Ne7 25. Bxb7 Qxb7 26. Bf2 Qf3 27. Qe3 Qxe3 28. Bxe3
Nf5 29. Nxf5 Rxf5 30. Kg2 g6 31. Bc1 Kf7 32. hxg6+ hxg6 33. Bb2 d5 34. Bf6 Be7
35. Be5 dxc4 36. Rh1 Rd2+ 37. Kg3 c3 38. Rc1 c2 39. Rh7+ Ke8 40. Rh2 Rxh2 41.
Kxh2 Bxg5 42. Kg3 Rxe5 43. fxg5 Re3+ 44. Kf2 Rc3 45. Ke2 Rh3 46. Kf2 Ke7 47. Kg2
Rc3 48. Kf2 e5 49. Ke2 Rh3 50. Kd2 Rh2+ 51. Kc3 Ke6 52. Rf1 Rf2 53. Re1 Kf5 54.
Kb2 e4 55. Rg1 e3 0-1